000 01697cam a22004457a 4500
001 000078028
003 CHAP
005 20220329141901.0
008 980406d1996 mx a r 00010 spa d
010 _a75263
011 _a76235
035 _a85814
040 _cCHAP
082 0 4 _a634.334
_bI5
100 0 0 _aCurti Díaz, Sergio Alberto.
_930715
245 1 0 _aManual de producción de limón persa :
_btecnología de productores... /
_c/por Sergio A. Curti Díaz [y otros].
260 0 _aTlapacoyán, Ver. :
_bINIFAP. Campo Experimental Ixtacuaco,
_c1996.
300 _a145 p. :
_bilus.
410 _aINIFAP. Campo Experimental Ixtacuaco. División Agrícola
490 0 _aFolleto técnico
_v; 14
590 _aBATCH-UPD
_b10
_c20130110
_lUCH01
_h0103
590 _aBATCH-UPD
_b10
_c20130110
_lUCH01
_h0721
590 _aBATCH-UPD
_b10
_c20130110
_lUCH01
_h2351
590 _aBATCH-UPD
_b10
_c20130409
_lUCH01
_h2053
590 _aBATCH-UPD
_b10
_c20130410
_lUCH01
_h0406
590 _aBATCH-UPD
_b10
_c20130914
_lUCH01
_h1424
590 _aCONVERSION
_b10
_c20130109
_lUCH01
_h1341
590 _aE11695DGD
_b10
_c20170727
_lUCH01
_h1051
700 0 _aDíaz Zorrilla, Ulises.
_933678
700 0 _aLoredo Salazar, Reyna Xóchitl.
_968521
810 0 0 _aINIFAP. Campo Experimental Ixtacuaco. División Agrícola
_958668
830 0 _aFolleto técnico
_v; 14
_942067
901 _aBK
905 _aGuadalupe Pinto C.
942 _cLIBRO
942 _n0
949 _a634.334 I5
_bBC
_cLIBRO
_d33724000585444
_eLIBRO
_gI.c/e
_h92499
_i85814
_si
949 _a634.334 I5
_bBC
_cLIBRO
_d33724000595906
_eLIBRO
_fc.2
_h93379
_i85814
_si
949 _a634.334 I5
_bBC
_cLIBRO
_d33724000711495
_eLIBRO
_fc.3
_h94535
_i85814
_si
999 _c75263
_d75263